| 000 | 00432nam a2200169Ia 4500 | ||
|---|---|---|---|
| 008 | 230516s9999 xx 000 0 und d | ||
| 041 | _aeng | ||
| 082 |
_a615.19 _bSET |
||
| 100 | _aSETHI P.D. | ||
| 245 | _aQUANTITATIVE ANALYSIS OF DRUG IN PHARMACEUTICAL FORMULATION | ||
| 260 |
_bC.B.S. PUBLISHERS & DISTRUTORS _c1997 |
||
| 300 | _a639 | ||
| 365 | _h20 | ||
| 500 | _aHB | ||
| 520 | _aPA | ||
| 650 | _aPHARMACEUTICAL ANALYSIS | ||
| 999 |
_c363078 _d363078 |
||